Podiel priameho predaja na maloobchodnom obrate bude dynamicky rásť
Polemika autora na tému priameho predaja - reakcia na článok Multilevel marketing z Trendu č. 10/1997. Tri okruhy otázok: 1. Je priamy predaj marketingom? 2. Je priamy predaj prínosom pre spotrebiteľa? 3. Má priamy predaj budúcnosť na Slovensku?
Salvato in:
| Autore principale: | |
|---|---|
| Natura: | Capitolo di libro |
| Lingua: | slovacco |
| Soggetti: | |
| Tags: |
Nessun Tag, puoi essere il primo ad aggiungerne!!
|
MARC
| LEADER | 00000naa a2200000 4500 | ||
|---|---|---|---|
| 001 | r027009 | ||
| 005 | 20230921081247.1 | ||
| 041 | 0 | |a slo | |
| 044 | |a SK | ||
| 245 | 1 | 0 | |a Podiel priameho predaja na maloobchodnom obrate bude dynamicky rásť |c Ľ. Dojčan |
| 520 | |a Polemika autora na tému priameho predaja - reakcia na článok Multilevel marketing z Trendu č. 10/1997. Tri okruhy otázok: 1. Je priamy predaj marketingom? 2. Je priamy predaj prínosom pre spotrebiteľa? 3. Má priamy predaj budúcnosť na Slovensku? | ||
| 610 | 2 | 0 | |a predaj |
| 610 | 2 | 0 | |a obrat maloobchodný |
| 610 | 2 | 0 | |a marketing priamy |
| 610 | 2 | 0 | |a distribúcia |
| 610 | 2 | 0 | |a spotrebitelia |
| 610 | 2 | 0 | |a Slovensko |
| 100 | 1 | |a Dojčan, Ľ. | |